Sleisenger and Fordtran’s gastrointestinal and liver disease: pathophysiology/diagnosis/management (Vol. 1) (Record no. 34776)

MARC details
000 -LEADER
fixed length control field 00615nam a2200193Ia 4500
020 ## - INTERNATIONAL STANDARD BOOK NUMBER
ISBN 9789996002557
050 ## - CALL MARK
Classification number RC 801 .G384/
100 ## - STATEMENT OF RESPONSIBILITY--MAIN AUTHOR NAME
Personal name Edited by Mark Feldman; Lawrence S. Friedman & Lawrence J. Brandt
245 #0 - TITLE STATEMENT
Title Sleisenger and Fordtran’s gastrointestinal and liver disease: pathophysiology/diagnosis/management (Vol. 1)
250 ## - EDITION / VOLUME STATEMENT
Edition / Volume statement 8th ed.
260 ## - PUBLICATION, DISTRIBUTION, ETC. (IMPRINT)
Place of publication Philadelphia
260 ## - PUBLICATION, DISTRIBUTION, ETC. (IMPRINT)
Name of publisher Saunders
260 ## - PUBLICATION, DISTRIBUTION, ETC. (IMPRINT)
Year of publication 2006
300 ## - PHYSICAL DESCRIPTION
Number of Pages 1540 p
650 ## - SUBJECT ADDED ENTRY--TOPICAL TERM
Topical Term Gastrointestinal Diseases. Liver Diseases.
942 ## - ADDED ENTRY ELEMENTS (KOHA)
Koha item type Books
Holdings
Withdrawn status Lost status Source of classification or shelving scheme Damaged status Not for loan Permanent Location Current Location Date acquired Accession Number Price effective from Koha item type
    Library of Congress Classification     NILE UNIVERSITY OF NIGERIA - MAIN LIBRARY NILE UNIVERSITY OF NIGERIA - MAIN LIBRARY 04/23/2025 0188244 04/23/2025 Books